Nitrogen excretion

Guardado en:
Detalles Bibliográficos
Formato: Libro
Lenguaje:Undetermined
Publicado: San Diego, CA Academic Press 2001
Materias:
Etiquetas: Agregar Etiqueta
Sin Etiquetas, Sea el primero en etiquetar este registro!
Thư viện lưu trữ: Trung tâm Học liệu Trường Đại học Cần Thơ
LEADER 00573nam a2200205Ia 4500
001 CTU_67707
008 210402s9999 xx 000 0 und d
020 |b 82 
082 |a 572.54 
082 |b N728 
245 0 |a Nitrogen excretion 
245 0 |c Edited by Patricia A. Wright and Paul M. Anderson 
260 |a San Diego, CA 
260 |b Academic Press 
260 |c 2001 
526 |a Sinh lý động vật thủy sản 
526 |b TS602 
650 |a Fish physiology,Metabolism 
904 |i Minh 
980 |a Trung tâm Học liệu Trường Đại học Cần Thơ